000 00627nam a22001937a 4500
005 20260622170336.0
010 _aENG-148920
020 _c700.00
_a9789395472104
035 _aEN-132452
037 _bDBAD
_aDPL
082 _a320.5
_21
245 _aDismantling Casteism Lessons From Savarkar's:
_bEssentials of Hindutva/
_cEdited by Umesh Ashok Kadam
250 _a1
260 _bKitabwale
_aNew Delhi
_c2023
270 _a7/31, Ansari Road, Daryaganj
_bNew Delhi
_e110002
300 _a142p.
_c22cm(hb)
700 _aKadam, Ashok
_eEditor
_989460
942 _2ddc
_cEN
_h320.5
_mDIS
999 _c216775
_d216775